LEADER 01104nam0-2200313---450- 001 990008137280403321 005 20080319123115.0 010 $a84-8410-890-2 035 $a000813728 035 $aFED01000813728 035 $a(Aleph)000813728FED01 035 $a000813728 100 $a20050627d2002----km-y0itay50------ba 101 0 $aspa 105 $ay---n---001yy 200 1 $a<>impuestos propios de las comunidades autónomas$eensayo de superación de las fuertes limitaciones existentes para su implantación$fClemente Checa González 210 $aCizur Menor (Navarra)$cAranzadi$dc2002 215 $a480 p.$d23 cm 225 1 $aCuadernos de jurisprudencia tributaria$v25 300 $aInclude (p. [125]-480) sentenze del Tribunal Constitucional y Tribunales Superiores de Justicia 676 $a343.04$v11. rid. 700 1$aCheca González,$bClemente$0498044 801 0$aIT$bUNINA$gRICA$2UNIMARC 901 $aBK 912 $a990008137280403321 952 $aF 420$b3815$fDSS 959 $aDSS 996 $aImpuestos propios de las comunidades autónomas$9756661 997 $aUNINA LEADER 01106nam a2200301 i 4500 001 991003691219707536 005 20021220115329.0 008 020724s1998 us ||| | eng 020 $a0821810618 035 $ab11848820-39ule_inst 035 $aLE01313439$9ExL 040 $aDip.to Matematica$beng 082 0 $a519.2 084 $aAMS 31C25 084 $aLC QA274.2.N49 100 1 $aJost, Jürgen$054734 245 10$aNew directions in Dirichlet forms /$cJürgen Jost ... [et al.] 260 $aProvidence, R.I. :$bAmerican Mathematical Society : International Press,$cc1998 300 $axiv, 277 p. ;$c26 cm 490 0 $aAMS/IP studies in advanced mathematics,$x1089-3288 ;$v8 500 $aIncludes bibliographical references 650 0$aDirichlet forms 907 $a.b11848820$b28-04-17$c20-12-02 912 $a991003691219707536 945 $aLE013 31C JOS11 (1998)$g1$i2013000131832$lle013$o-$pE0.00$q-$rl$s- $t0$u1$v0$w1$x0$y.i12101369$z20-12-02 996 $aNew directions in Dirichlet forms$9899849 997 $aUNISALENTO 998 $ale013$b01-01-02$cm$da $e-$feng$gus $h0$i1